[Event "CEG Riscle A"]
[Site "Riscle"]
[Date "2017.08.07"]
[Round "1.2"]
[White "Artinyan, Remy"]
[Black "Ruiz Marana, Alejandro"]
[Result "1-0"]
[WhiteElo "2044"]
[BlackElo "2235"]
[PlyCount "111"]
[EventDate "2017.??.??"]
[WhiteTeam "Echiquier de Franconville"]

1. d4 d5 2. c4 c6 3. e3 Nf6 4. Nc3 g6 5. b3 Bg7 6. Bb2 O-O 7. Nf3 Bg4 8. Be2
Nbd7 9. O-O Re8 10. h3 Bxf3 11. Bxf3 e6 12. Qc2 a6 13. Rfd1 b5 14. Rac1 Nb6 15.
cxd5 cxd5 16. Ba3 Qb8 17. e4 Rc8 18. Qd3 Qb7 19. exd5 Nbxd5 20. Ne4 Nxe4 21.
Bxe4 Rxc1 22. Rxc1 Rd8 23. Bc5 Qb8 24. g3 Rd7 25. h4 Qd8 26. h5 Qg5 27. Ba3 Rd8
28. hxg6 hxg6 29. Rc6 b4 30. Bc1 Qg4 31. Rxa6 Rc8 32. Bd2 Qd1+ 33. Kg2 Nc3 34.
Bf3 Qa1 35. d5 Nxd5 36. Bxd5 Rd8 37. Ra8 Rxa8 38. Bxa8 Qxa2 39. Qd8+ Kh7 40.
Bxb4 Qxb3 41. Qh4+ Kg8 42. Qd8+ Kh7 43. Bf8 Qb2 44. Qe8 Qa1 45. Bf3 Qa7 46. Be7
f5 47. Bf8 Bxf8 48. Qxf8 Qd7 49. Qa8 Qd6 50. Qb7+ Kh6 51. Qf7 e5 52. Qg8 Qf6
53. Bd5 f4 54. g4 Kg5 55. Kh3 f3 56. Qh7 1-0

[Event "CEG Riscle A"]
[Site "Riscle"]
[Date "2017.08.07"]
[Round "1.3"]
[White "Doyen, Remi"]
[Black "Morice, Ludovic"]
[Result "0-1"]
[WhiteElo "2135"]
[BlackElo "2077"]
[PlyCount "68"]
[EventDate "2017.??.??"]
[WhiteTeam "Echiquier Henri IV Pau"]
[BlackTeam "Lutèce Echecs"]

1. e4 e6 2. d4 d5 3. Nd2 Nf6 4. e5 Nfd7 5. Bd3 c5 6. c3 Nc6 7. Ngf3 g6 8. h4 h6
9. O-O g5 10. dxc5 g4 11. Nd4 Ndxe5 12. N2b3 Qxh4 13. Bf4 Rg8 14. Bg3 Qg5 15.
Nb5 Kd8 16. c4 Bd7 17. cxd5 exd5 18. Nd6 Bxd6 19. cxd6 f5 20. Bxe5 Nxe5 21. Be2
f4 22. Nc5 Rb8 23. Re1 g3 24. Bf3 gxf2+ 25. Kxf2 Qg3+ 26. Kf1 Bb5+ 27. Re2 Re8
28. d7 Bxe2+ 29. Bxe2 Re7 30. Qxd5 f3 31. Bxf3 Nxf3 32. gxf3 Qh3+ 33. Kf2 Qh2+
34. Kf1 Qe2+ 0-1

[Event "CEG Riscle A"]
[Site "Riscle"]
[Date "2017.08.07"]
[Round "1.4"]
[White "Jackson, Thomas"]
[Black "Varoquier, Romain"]
[Result "1/2-1/2"]
[WhiteElo "2061"]
[BlackElo "2123"]
[PlyCount "37"]
[EventDate "2017.??.??"]
[WhiteTeam "Thomas Bourgneuf - Creteil"]
[BlackTeam "Reims Echec et Mat"]

1. d4 d5 2. c4 e6 3. Nc3 Nf6 4. Bg5 Be7 5. Nf3 O-O 6. e3 b6 7. cxd5 exd5 8. Bd3
Bb7 9. Rc1 Nbd7 10. O-O c5 11. Bb1 Re8 12. Ne5 Ne4 13. Bxe7 Rxe7 14. Nxd7 Rxd7
15. dxc5 Nxc5 16. Ne2 Ba6 17. b4 Bxe2 18. Qxe2 Ne6 19. Rfd1 1/2-1/2

[Event "CEG Riscle A"]
[Site "Riscle"]
[Date "2017.08.07"]
[Round "2.1"]
[White "Gvanceladze, Anna"]
[Black "Artinyan, Remy"]
[Result "1-0"]
[WhiteElo "2281"]
[BlackElo "2044"]
[PlyCount "113"]
[EventDate "2017.??.??"]
[BlackTeam "Echiquier de Franconville"]

1. e4 c6 2. d4 d5 3. Nd2 dxe4 4. Nxe4 Nf6 5. Nxf6+ gxf6 6. c3 Bf5 7. Qb3 Qb6 8.
Bc4 e6 9. Ne2 Nd7 10. Ng3 Bg6 11. O-O Qxb3 12. axb3 Nb6 13. Be2 Bc2 14. b4 Bd6
15. Re1 Bxg3 16. hxg3 a6 17. Bf3 Ke7 18. Ra5 Bb3 19. Be4 h5 20. f3 Bd5 21. Bd3
Rag8 22. Kf2 h4 23. gxh4 Rxh4 24. Ra1 Bb3 25. Ra3 Bc4 26. Bc2 Rh2 27. Rg1 e5
28. dxe5 fxe5 29. Ra5 Nd7 30. Be4 Be6 31. f4 f5 32. Bf3 e4 33. Be2 Nf6 34. c4
e3+ 35. Kxe3 Rgxg2 36. Rxg2 Rxg2 37. Bd3 Rg3+ 38. Kd4 Nd7 39. Kc3 Kd6 40. Bd2
b5 41. b3 Nb8 42. Be1 Rf3 43. Kd2 Bc8 44. Ke2 Rh3 45. Bc3 Nd7 46. Ra1 Rh2+ 47.
Ke3 Rh3+ 48. Kd2 Rh2+ 49. Be2 c5 50. Rg1 bxc4 51. bxc4 Rh6 52. Bf3 Nf6 53. Be5+
Ke6 54. bxc5 Ne4+ 55. Bxe4 fxe4 56. c6 a5 57. Rg8 1-0

[Event "CEG Riscle A"]
[Site "Riscle"]
[Date "2017.08.07"]
[Round "2.2"]
[White "Morice, Ludovic"]
[Black "Ruiz Marana, Alejandro"]
[Result "0-1"]
[WhiteElo "2077"]
[BlackElo "2235"]
[PlyCount "60"]
[EventDate "2017.??.??"]
[WhiteTeam "Lutèce Echecs"]

1. d4 d5 2. c4 c6 3. Nf3 Nf6 4. g3 Bf5 5. Nc3 e6 6. Nh4 Bg4 7. h3 Bh5 8. Qb3
Qb6 9. c5 Qc7 10. Bf4 Qc8 11. g4 Bg6 12. Bg2 Be7 13. Nxg6 hxg6 14. O-O-O Nbd7
15. e4 dxe4 16. Bxe4 O-O 17. Bxg6 fxg6 18. Qxe6+ Rf7 19. Bh2 Nf8 20. Qb3 Qd7
21. d5 Nxd5 22. Nxd5 cxd5 23. Rxd5 Qe6 24. Qd3 Rc8 25. b4 Rxf2 26. Re5 Qxa2 27.
Qd5+ Qxd5 28. Rxd5 Bf6 29. Bd6 Re8 30. g5 Bc3 0-1

[Event "CEG Riscle A"]
[Site "Riscle"]
[Date "2017.08.07"]
[Round "2.3"]
[White "Varoquier, Romain"]
[Black "Belenkaya, Dina"]
[Result "0-1"]
[WhiteElo "2123"]
[BlackElo "2334"]
[PlyCount "68"]
[EventDate "2017.??.??"]
[WhiteTeam "Reims Echec et Mat"]
[BlackTeam "L'Echiquier Dieppois"]

1. e4 c6 2. d4 d5 3. Nd2 dxe4 4. Nxe4 Nf6 5. Nxf6+ exf6 6. Bc4 Be7 7. Ne2 O-O
8. O-O Nd7 9. Bb3 f5 10. Re1 Nf6 11. Nf4 Bd6 12. Nd3 Qc7 13. g3 b6 14. c4 c5
15. d5 b5 16. Bg5 Ne4 17. Bf4 Bb7 18. cxb5 c4 19. Rc1 Bxf4 20. Rxc4 Qb6 21.
Rcxe4 fxe4 22. Nxf4 Rfe8 23. Re3 Rad8 24. Qe2 g5 25. Qg4 h6 26. Ne2 Bxd5 27.
Bxd5 Rxd5 28. Nc3 Rde5 29. Qd7 f5 30. Nd5 Qd8 31. Qxd8 Rxd8 32. Nc3 Rd2 33. b3
Rc5 34. Na4 Rc1+ 0-1

[Event "CEG Riscle A"]
[Site "Riscle"]
[Date "2017.08.07"]
[Round "2.4"]
[White "Doyen, Remi"]
[Black "Jackson, Thomas"]
[Result "1/2-1/2"]
[WhiteElo "2135"]
[BlackElo "2061"]
[PlyCount "99"]
[EventDate "2017.??.??"]
[WhiteTeam "Echiquier Henri IV Pau"]
[BlackTeam "Thomas Bourgneuf - Creteil"]

1. e4 c5 2. Nc3 e6 3. Nf3 Nc6 4. d4 cxd4 5. Nxd4 Qc7 6. f4 a6 7. Nxc6 Qxc6 8.
Bd3 b5 9. Qe2 Bb7 10. Bd2 Bc5 11. a3 Nf6 12. O-O-O Bd4 13. Rhe1 h5 14. h3 h4
15. Kb1 Nh5 16. Qg4 Ng3 17. Ne2 Nxe2 18. Rxe2 g6 19. e5 Bc5 20. Ba5 Be7 21. Be4
Qc8 22. Bxb7 Qxb7 23. Red2 Rc8 24. Rxd7 Qxd7 25. Rxd7 Kxd7 26. Qf3 Rc6 27. Qd3+
Kc8 28. Qd1 Bc5 29. Qd3 Bb6 30. Bxb6 Rxb6 31. Qd4 Rb7 32. Qd6 Rd8 33. Qxa6 Rd1+
34. Ka2 Kc7 35. Qa5+ Kb8 36. Qb4 Rd5 37. Qe1 Rc7 38. c3 Rc4 39. Qxh4 Rd2 40.
Qg3 Re4 41. Kb3 Ree2 42. Kb4 Rd5 43. b3 Re4+ 44. c4 bxc4 45. bxc4 Rd7 46. Qf3
Red4 47. Kc3 Rd1 48. Qc6 R1d3+ 49. Kc2 Rd2+ 50. Kc3 1/2-1/2

[Event "CEG Riscle A"]
[Site "Riscle"]
[Date "2017.08.07"]
[Round "3.1"]
[White "Ruiz Marana, Alejandro"]
[Black "Gvanceladze, Anna"]
[Result "1-0"]
[WhiteElo "2235"]
[BlackElo "2281"]
[PlyCount "61"]
[EventDate "2017.??.??"]

1. d4 d5 2. c4 c6 3. Nf3 Nf6 4. e3 g6 5. Be2 Bg7 6. O-O O-O 7. Nc3 e6 8. b3
Nbd7 9. Bb2 b6 10. Qc2 Bb7 11. Rfd1 Re8 12. Rac1 Rc8 13. Bd3 Qc7 14. Qe2 Qb8
15. Rc2 Rcd8 16. h3 Qa8 17. cxd5 exd5 18. Ba6 Bf8 19. Rdc1 h6 20. Na4 Re6 21.
Bxb7 Qxb7 22. Ne5 Nxe5 23. dxe5 Ne4 24. Nc3 Nxc3 25. Bxc3 Bg7 26. b4 Qe7 27. a3
Rc8 28. Qd3 Qb7 29. e4 Rd8 30. f4 dxe4 31. Qxd8+ 1-0

[Event "CEG Riscle A"]
[Site "Riscle"]
[Date "2017.08.07"]
[Round "3.2"]
[White "Belenkaya, Dina"]
[Black "Doyen, Remi"]
[Result "1/2-1/2"]
[WhiteElo "2334"]
[BlackElo "2135"]
[PlyCount "78"]
[EventDate "2017.??.??"]
[WhiteTeam "L'Echiquier Dieppois"]
[BlackTeam "Echiquier Henri IV Pau"]

1. e4 c5 2. Nf3 g6 3. d4 cxd4 4. Nxd4 Nc6 5. Nb3 Bg7 6. Be2 d6 7. O-O Nf6 8.
Nc3 O-O 9. Bg5 Bd7 10. f4 Rc8 11. Bf3 Re8 12. Re1 Be6 13. Kh1 a6 14. Nd5 Bxd5
15. exd5 Nb8 16. Nd4 Qb6 17. Rb1 Qa5 18. a3 Qc5 19. c3 Nbd7 20. Rc1 Nb6 21. Nb3
Qc7 22. Re2 h6 23. Bh4 Qc4 24. Na5 Qxf4 25. Bg3 Qg5 26. Nxb7 Nbxd5 27. Qe1 Bf8
28. Rd1 Nf4 29. Re3 Qf5 30. Rd4 Ne6 31. Ra4 Nc5 32. Nxc5 Qxc5 33. Rxa6 Qb5 34.
Qe2 Qb3 35. Bc6 Red8 36. a4 Qa2 37. b4 Qb1+ 38. Qe1 Qc2 39. Re2 Qf5 {nulle au
93ème coup} 1/2-1/2

[Event "CEG Riscle A"]
[Site "Riscle"]
[Date "2017.08.07"]
[Round "3.3"]
[White "Jackson, Thomas"]
[Black "Morice, Ludovic"]
[Result "0-1"]
[WhiteElo "2061"]
[BlackElo "2077"]
[PlyCount "70"]
[EventDate "2017.??.??"]
[WhiteTeam "Thomas Bourgneuf - Creteil"]
[BlackTeam "Lutèce Echecs"]

1. d4 e6 2. c4 f5 3. g3 Nf6 4. Bg2 Be7 5. Nf3 O-O 6. O-O d6 7. b3 Ne4 8. Bb2
Qe8 9. Nfd2 Nxd2 10. Qxd2 Qg6 11. Nc3 c6 12. f4 d5 13. a3 Nd7 14. c5 h5 15. Rf3
h4 16. gxh4 Bxh4 17. Rh3 Qh7 18. Qd3 Rf6 19. Bc1 Rh6 20. Bd2 b6 21. b4 bxc5 22.
bxc5 a5 23. Rb1 Ba6 24. Qe3 Re8 25. Nd1 Bd8 26. Rxh6 Qxh6 27. Qf3 Bc7 28. e3
Nf6 29. Bf1 Bxf1 30. Qxf1 Ne4 31. Qg2 Qh5 32. Nc3 Nxd2 33. Qxd2 Re7 34. Qg2 g5
35. Qxg5+ Rg7 0-1

[Event "CEG Riscle A"]
[Site "Riscle"]
[Date "2017.08.07"]
[Round "4.1"]
[White "Morice, Ludovic"]
[Black "Gvanceladze, Anna"]
[Result "0-1"]
[WhiteElo "2077"]
[BlackElo "2281"]
[PlyCount "82"]
[EventDate "2017.??.??"]
[WhiteTeam "Lutèce Echecs"]

1. d4 d5 2. c4 c6 3. Nf3 Nf6 4. g3 g6 5. b3 Bg7 6. Bg2 O-O 7. O-O Bf5 8. Bb2
Nbd7 9. cxd5 cxd5 10. Nc3 Qa5 11. Qd2 Rfd8 12. Rfd1 Rac8 13. Rac1 Qa6 14. Ne5
b5 15. Nd3 Ne4 16. Nxe4 dxe4 17. Nb4 Qd6 18. Rxc8 Rxc8 19. Nc2 Nb6 20. Ne3 Bh6
21. Nxf5 gxf5 22. e3 Nd5 23. Rc1 Rc6 24. Bf1 a6 25. Rxc6 Qxc6 26. Qa5 Kg7 27.
Qd2 e6 28. Kg2 Kg6 29. Kg1 Bf8 30. h3 Bd6 31. Bg2 Bb8 32. g4 Qd6 33. gxf5+ exf5
34. Qe2 Qh2+ 35. Kf1 Bd6 36. f3 f4 37. exf4 e3 38. f5+ Kf6 39. Qc2 Nf4 40. d5+
Kg5 41. Bc1 Bc5 0-1

[Event "CEG Riscle A"]
[Site "Riscle"]
[Date "2017.08.07"]
[Round "4.2"]
[White "Varoquier, Romain"]
[Black "Ruiz Marana, Alejandro"]
[Result "0-1"]
[WhiteElo "2123"]
[BlackElo "2235"]
[PlyCount "118"]
[EventDate "2017.??.??"]
[WhiteTeam "Reims Echec et Mat"]

1. e4 e5 2. Nf3 d6 3. Bc4 c6 4. d3 Be7 5. O-O Nf6 6. c3 O-O 7. Bb3 Nbd7 8. Re1
Qc7 9. Nbd2 d5 10. Nf1 dxe4 11. dxe4 Nc5 12. Bc2 Rd8 13. Qe2 b6 14. Ng3 Ba6 15.
c4 Ne6 16. Bd2 Bc5 17. h3 Rd7 18. Bc3 Nd4 19. Bxd4 Bxd4 20. Nxd4 Rxd4 21. b3
Rad8 22. Rad1 g6 23. Rxd4 Rxd4 24. Rd1 Qd6 25. Rxd4 Qxd4 26. Qd1 b5 27. Qxd4
exd4 28. Ne2 c5 29. cxb5 Bxb5 30. Nc1 Kf8 31. Bd3 Bc6 32. f3 Ke7 33. Bc4 Nd7
34. Nd3 f6 35. Bg8 h6 36. b4 Kd6 37. Bf7 g5 38. Kf2 cxb4 39. Nxb4 Ne5 40. Nxc6
Kxc6 41. Bb3 Kb5 42. g3 Kb4 43. f4 gxf4 44. gxf4 Ng6 45. e5 fxe5 46. f5 Nh4 47.
f6 e4 48. Bd5 e3+ 49. Ke2 Ng6 50. f7 Kc5 51. Be4 Nf4+ 52. Kf3 Ne6 53. h4 Kd6
54. Bf5 Nf8 55. h5 Ke7 56. Bg6 Ne6 57. Ke2 Nf4+ 58. Ke1 Nxg6 59. hxg6 d3 0-1

[Event "CEG Riscle A"]
[Site "Riscle"]
[Date "2017.08.07"]
[Round "4.3"]
[White "Jackson, Thomas"]
[Black "Belenkaya, Dina"]
[Result "0-1"]
[WhiteElo "2061"]
[BlackElo "2334"]
[PlyCount "62"]
[EventDate "2017.??.??"]
[WhiteTeam "Thomas Bourgneuf - Creteil"]
[BlackTeam "L'Echiquier Dieppois"]

1. d4 d5 2. c4 dxc4 3. Nf3 Nf6 4. e3 e6 5. Bxc4 a6 6. O-O c5 7. Qe2 b5 8. Bb3
Bb7 9. Rd1 Nbd7 10. a4 Qb8 11. axb5 axb5 12. Rxa8 Qxa8 13. Qxb5 Bxf3 14. gxf3
Qxf3 15. Ba4 Bd6 16. Qf1 O-O 17. Qg2 Qh5 18. Nc3 Bb8 19. b3 Nd5 20. Rd3 Nxc3
21. Rxc3 cxd4 22. exd4 Qd1+ 23. Qf1 Qg4+ 24. Kh1 Qxd4 25. Rd3 Qe5 26. Rg3 Qh5
27. Rg2 Ne5 28. Bb2 Ng6 29. Kg1 f6 30. Qc4 Qd1+ 31. Qf1 Qf3 0-1

[Event "CEG Riscle A"]
[Site "Riscle"]
[Date "2017.08.07"]
[Round "4.4"]
[White "Doyen, Remi"]
[Black "Artinyan, Remy"]
[Result "1/2-1/2"]
[WhiteElo "2135"]
[BlackElo "2044"]
[PlyCount "72"]
[EventDate "2017.??.??"]
[WhiteTeam "Echiquier Henri IV Pau"]
[BlackTeam "Echiquier de Franconville"]

1. e4 c6 2. Nc3 d5 3. Nf3 Bg4 4. h3 Bh5 5. exd5 cxd5 6. Bb5+ Nc6 7. g4 Bg6 8.
Ne5 Qc7 9. d4 e6 10. Qe2 Bb4 11. h4 a6 12. Bxc6+ bxc6 13. h5 Be4 14. O-O Bxc3
15. bxc3 h6 16. Bf4 Qa5 17. f3 Bh7 18. Rfe1 Ne7 19. Nxf7 O-O 20. Nd6 Rxf4 21.
Qxe6+ Kh8 22. Qxe7 Qxc3 23. Nf7+ Rxf7 24. Qxf7 Qxd4+ 25. Kg2 Bxc2 26. Re8+ Rxe8
27. Qxe8+ Kh7 28. Re1 Be4 29. Rxe4 dxe4 30. Qg6+ Kg8 31. Qe8+ Kh7 32. Qg6+ Kg8
33. fxe4 Qe3 34. Qe8+ Kh7 35. Qg6+ Kg8 36. Qe8+ Kh7 1/2-1/2

[Event "CEG Riscle A"]
[Site "Riscle"]
[Date "2017.08.07"]
[Round "5.1"]
[White "Ruiz Marana, Alejandro"]
[Black "Doyen, Remi"]
[Result "1-0"]
[WhiteElo "2235"]
[BlackElo "2135"]
[PlyCount "53"]
[EventDate "2017.??.??"]
[BlackTeam "Echiquier Henri IV Pau"]

1. e4 c5 2. Nc3 a6 3. g3 b5 4. Bg2 Bb7 5. d3 e6 6. Nh3 b4 7. Nb1 Nf6 8. O-O d5
9. Nd2 Be7 10. e5 Nfd7 11. Qg4 g6 12. Nf3 Nc6 13. Re1 Qc7 14. Bg5 Ndxe5 15.
Nxe5 Nxe5 16. Qf4 Bd6 17. Qh4 Nd7 18. Re2 O-O 19. Rae1 e5 20. f4 f6 21. Bh6 Rf7
22. fxe5 fxe5 23. Ng5 Re7 24. Rf1 Nf8 25. Ref2 Ne6 26. Bh3 Nxg5 27. Rf8+ 1-0

[Event "CEG Riscle A"]
[Site "Riscle"]
[Date "2017.08.07"]
[Round "5.2"]
[White "Belenkaya, Dina"]
[Black "Morice, Ludovic"]
[Result "1-0"]
[WhiteElo "2334"]
[BlackElo "2077"]
[PlyCount "58"]
[EventDate "2017.??.??"]
[WhiteTeam "L'Echiquier Dieppois"]
[BlackTeam "Lutèce Echecs"]

1. e4 e6 2. d4 d5 3. Nd2 Nf6 4. e5 Nfd7 5. Bd3 c5 6. c3 Nc6 7. Ngf3 g6 8. O-O
Bg7 9. Re1 O-O 10. Nf1 cxd4 11. cxd4 Qb6 12. Bc2 f6 13. exf6 Nxf6 14. b3 Ng4
15. Ne3 Nxd4 16. Nxg4 Nxf3+ 17. gxf3 Bxa1 18. Be3 d4 19. Qxa1 e5 20. Nh6+ Kg7
21. Bg5 Qc5 22. Be4 Rb8 23. Qc1 Qd6 24. Ng4 Bxg4 25. Bh6+ Kh8 26. Bxf8 Rxf8 27.
fxg4 d3 28. Qd2 Qd4 29. Kg2 h5 1-0

[Event "CEG Riscle A"]
[Site "Riscle"]
[Date "2017.08.07"]
[Round "5.3"]
[White "Gvanceladze, Anna"]
[Black "Varoquier, Romain"]
[Result "1-0"]
[WhiteElo "2281"]
[BlackElo "2123"]
[PlyCount "196"]
[EventDate "2017.??.??"]
[BlackTeam "Reims Echec et Mat"]

1. d4 d5 2. Nf3 Nf6 3. c4 e6 4. Nc3 Be7 5. Bg5 O-O 6. e3 b6 7. Rc1 Bb7 8. Be2
Nbd7 9. h3 c5 10. O-O Rc8 11. cxd5 Nxd5 12. Bxe7 Qxe7 13. Qa4 Nxc3 14. bxc3
cxd4 15. cxd4 a6 16. Rfd1 g6 17. Nh2 b5 18. Qa5 Qd8 19. Qa3 Nb6 20. Bf3 Nc4 21.
Rxc4 Rxc4 22. Bxb7 Qc7 23. Bf3 Ra4 24. Qb3 Qc4 25. Qxc4 bxc4 26. Rc1 Rxa2 27.
Ng4 f6 28. e4 h5 29. Ne3 Rc8 30. Nxc4 a5 31. g4 Ra4 32. Be2 hxg4 33. hxg4 Rb4
34. d5 exd5 35. exd5 a4 36. Rc2 Kf8 37. Kf1 Rb1+ 38. Kg2 Rb3 39. Ra2 Rb4 40.
Ne3 Rc3 41. d6 Rd4 42. d7 a3 43. Nc4 Rxd7 44. Rxa3 Rc2 45. Kf3 Rc7 46. Ne3 R2c3
47. Ra6 R7c6 48. Ra7 Rc7 49. Ra4 Kg7 50. Kf4 Rd7 51. Bf3 Rcd3 52. Ra5 Rc3 53.
Be4 Re7 54. g5 Rf7 55. gxf6+ Rxf6+ 56. Kg3 Re6 57. Ra7+ Kf8 58. Ra4 Kg7 59. Kg2
Rc7 60. f3 Rce7 61. Kg3 Rd7 62. Nd5 Re5 63. Nf4 Rf7 64. Kg4 g5 65. Nh5+ Kf8 66.
Ra8+ Ke7 67. Rg8 Kd6 68. Rg6+ Kc5 69. Nf6 Kd4 70. Bf5 Ke3 71. Be4 Kd4 72. Rh6
Ke3 73. Kg3 Kd4 74. Rg6 Re6 75. Nh7 Rxe4 76. Nxg5 Rxf3+ 77. Nxf3+ Ke3 78. Ra6
Re8 79. Ra3+ Ke4 80. Kf2 Rb8 81. Nd2+ Kd4 82. Nf3+ Ke4 83. Ra4+ Kf5 84. Nd4+
Kf6 85. Ke3 Rb1 86. Ke4 Rb6 87. Ra5 Rb1 88. Ra6+ Kg5 89. Nf3+ Kh5 90. Kf5 Rb5+
91. Ne5 Rb1 92. Rg6 Rf1+ 93. Ke6 Kh4 94. Kd5 Kh5 95. Rg8 Kh6 96. Ke4 Re1+ 97.
Kf5 Rf1+ 98. Ke6 Rf2 1-0

[Event "CEG Riscle A"]
[Site "Riscle"]
[Date "2017.08.07"]
[Round "5.4"]
[White "Artinyan, Remy"]
[Black "Jackson, Thomas"]
[Result "1-0"]
[WhiteElo "2044"]
[BlackElo "2061"]
[PlyCount "82"]
[EventDate "2017.??.??"]
[WhiteTeam "Echiquier de Franconville"]
[BlackTeam "Thomas Bourgneuf - Creteil"]

1. d4 Nf6 2. Nf3 b6 3. Nc3 Bb7 4. Qd3 d5 5. Bf4 e6 6. Nd2 Bd6 7. g3 c5 8. Bxd6
Qxd6 9. Bg2 O-O 10. O-O Ba6 11. Nb5 Bxb5 12. Qxb5 cxd4 13. Nb3 Nc6 14. Rad1 a6
15. Qd3 Nb4 16. Qd2 Nxa2 17. Nxd4 Nb4 18. Rfe1 Nc6 19. e4 Nxe4 20. Bxe4 dxe4
21. Rxe4 Rfd8 22. Rg4 f5 23. Rxg7+ Kxg7 24. Qg5+ Kf7 25. Qh5+ Kf8 26. Qh6+ Ke8
27. Qh5+ Kd7 28. Nxc6 Qxd1+ 29. Qxd1+ Kxc6 30. Qf3+ Kc7 31. Qc3+ Kd6 32. Qb4+
Kc6 33. Qe7 Rd6 34. Qxh7 Rad8 35. h4 Rd2 36. Qe7 R8d6 37. Qe8+ Kd5 38. Qa8+ Kc5
39. Qxa6 Rd1+ 40. Kg2 R6d2 41. h5 Kc6 1-0

[Event "CEG Riscle A"]
[Site "Riscle"]
[Date "2017.08.07"]
[Round "6.1"]
[White "Jackson, Thomas"]
[Black "Ruiz Marana, Alejandro"]
[Result "0-1"]
[WhiteElo "2061"]
[BlackElo "2235"]
[PlyCount "70"]
[EventDate "2017.??.??"]
[WhiteTeam "Thomas Bourgneuf - Creteil"]

1. d4 d6 2. c4 e5 3. Nf3 e4 4. Nfd2 f5 5. e3 Nf6 6. Nc3 g6 7. Be2 Bg7 8. b4 O-O
9. Qb3 Be6 10. a4 Nbd7 11. Ba3 c6 12. Qc2 Bf7 13. Nb3 b6 14. c5 bxc5 15. bxc5
Rb8 16. Rb1 d5 17. Ba6 Qc7 18. Na2 f4 19. Bb4 fxe3 20. fxe3 Rxb4 21. Nxb4 Ng4
22. Qe2 Be6 23. g3 Rf2 24. Qxf2 Nxf2 25. Kxf2 Bh3 26. Bf1 Bg4 27. h3 Bf3 28.
Bg2 Nf6 29. Rhg1 h5 30. Bxf3 exf3 31. Kxf3 Ne4 32. Nd3 g5 33. g4 Qh2 34. gxh5
Qxh3+ 35. Ke2 Qxh5+ 0-1

[Event "CEG Riscle A"]
[Site "Riscle"]
[Date "2017.08.07"]
[Round "6.2"]
[White "Belenkaya, Dina"]
[Black "Artinyan, Remy"]
[Result "1-0"]
[WhiteElo "2334"]
[BlackElo "2044"]
[PlyCount "69"]
[EventDate "2017.??.??"]
[WhiteTeam "L'Echiquier Dieppois"]
[BlackTeam "Echiquier de Franconville"]

1. e4 c6 2. d4 Na6 3. Nc3 Nc7 4. Bf4 Ne6 5. Be3 d5 6. Bd3 g6 7. Nf3 Nf6 8. exd5
cxd5 9. Ne5 a6 10. Ne2 Bg7 11. c3 Bd7 12. Ng3 Bb5 13. Bxb5+ axb5 14. a3 Nd7 15.
f4 Nxe5 16. fxe5 Qb6 17. Qf3 Qc6 18. O-O O-O 19. h4 h5 20. Ne2 f6 21. exf6 Bxf6
22. Qg3 Kh7 23. Rac1 Bg7 24. Nf4 Nc7 25. Bd2 Rae8 26. Nd3 Rxf1+ 27. Rxf1 Rg8
28. Rf7 Qe6 29. Qf4 Kh8 30. Ne5 Re8 31. Nf3 Kg8 32. Ng5 Qc6 33. Rxg7+ Kxg7 34.
Qf7+ Kh6 35. Qh7# 1-0

[Event "CEG Riscle A"]
[Site "Riscle"]
[Date "2017.08.07"]
[Round "6.3"]
[White "Doyen, Remi"]
[Black "Gvanceladze, Anna"]
[Result "1-0"]
[WhiteElo "2135"]
[BlackElo "2281"]
[PlyCount "87"]
[EventDate "2017.??.??"]
[WhiteTeam "Echiquier Henri IV Pau"]

1. e4 c6 2. Nc3 d5 3. Nf3 Nf6 4. e5 Ne4 5. Ne2 Qb6 6. d4 e6 7. Nfg1 f6 8. f3
Ng5 9. exf6 gxf6 10. f4 Nf7 11. Nf3 c5 12. Be3 Nc6 13. Nc3 Bd7 14. Qd2 c4 15.
Be2 Bb4 16. O-O Nd6 17. Qc1 Nf5 18. Bf2 O-O-O 19. Na4 Qc7 20. b3 b5 21. c3 Bd6
22. Nc5 Bxf4 23. Qa3 Qa5 24. Qb2 Nd6 25. bxc4 bxc4 26. Rab1 Kc7 27. Bh4 Rb8 28.
Qc2 Nf5 29. Rxb8 Rxb8 30. Bxf6 Bd6 31. Nxd7 Kxd7 32. Nh4 Nce7 33. Nxf5 Nxf5 34.
Bg4 Ne3 35. Qxh7+ Kc6 36. Bxe6 Rb7 37. Qg8 Qxa2 38. Qc8+ Rc7 39. Bd7+ Kb6 40.
Qb8+ Rb7 41. Qxd6+ Ka5 42. Bd8+ Rb6 43. Qb8 Ka6 44. Bc8+ 1-0

[Event "CEG Riscle A"]
[Site "Riscle"]
[Date "2017.08.07"]
[Round "6.4"]
[White "Morice, Ludovic"]
[Black "Varoquier, Romain"]
[Result "1/2-1/2"]
[WhiteElo "2077"]
[BlackElo "2123"]
[PlyCount "44"]
[EventDate "2017.??.??"]
[WhiteTeam "Lutèce Echecs"]
[BlackTeam "Reims Echec et Mat"]

1. e4 e5 2. Nf3 Nc6 3. Bc4 Bc5 4. c3 Nf6 5. d3 d6 6. Bb3 O-O 7. Bg5 Be6 8. Nbd2
h6 9. Bh4 Bxb3 10. Nxb3 Bb6 11. h3 Qe7 12. g4 g5 13. Bg3 d5 14. Qe2 dxe4 15.
dxe4 Rad8 16. O-O Rd7 17. Rad1 Rfd8 18. Rxd7 Rxd7 19. Kg2 Nh7 20. Rd1 Rxd1 21.
Qxd1 Qd6 22. Qxd6 cxd6 1/2-1/2